000 01524nam a2200241Ia 4500
999 _c51731
_d51731
001 18723
003 GE_BSU
005 20210415141423.0
008 181216s2014||||ge |||||||||||||| ||geo||
040 _cGE_BSU
041 _ageo
080 _a61 ბ-86
100 _aბორჯაძე, მერი
_911395
245 _aტუჩების დაავადებების სადიაგნოსტიკო კლინიკურ-მორფოლოგიური ალგორითმი /
_cმერი ბორჯაძე; სამეცნიერო ხელმძღვანელები : მანანა ივერიელი ; ომარ ხარძეიშვილი. თბილისის სახელმწიფო სამედიცინო უნივერსიტეტი.
264 _aთბილისი,
_c2014.
300 _a141 გვ. ;
_b30 სმ.
653 _aდისერტაცია
653 _aმედიცინა
653 _aტუჩების დაავადებების სადიაგნოსტიკო კლინიკურ-მორფოლოგიური ალგორითმი
700 _aივერიელი, მანანა
_eსამეცნიერო ხელმძღვანელი
_911396
700 _aხარძეიშვილი, ომარ
_eსამეცნიერო ხელმძღვანელი
_911397
942 _cBK
_2udc